| 000 | 01589nam a2200337 c 4500 | ||
|---|---|---|---|
| 003 | BLK | ||
| 005 | 20180422115522.0 | ||
| 008 | 180411b bul|||||r ||||||| ||bul|| | ||
| 010 | _aKNG00196153000 | ||
| 040 | _aBLK | ||
| 041 |
_aBUL _cBUL |
||
| 080 |
_aСпорт. Физическа култура _b796/799 _x:316 _z796/799:316 |
||
| 100 | 1 |
_aПономарьов, Николай Ив. _eпърви автор _9344278 |
|
| 700 | 1 |
_aАврамова, Екатерина _eпрев. от рус. _9367925 |
|
| 139 |
_aПономарьов, Николай Ив. _bП 73 |
||
| 245 | 1 | 0 |
_aСоциални функции на физическата култура и спорта _bМоногр. _cНиколай Ив. Пономарьов; прев. от рус. Екатерина Аврамова. |
| 257 | _aSUN | ||
| 260 |
_аСофия _bМедицина и физкултура _c1977 _fПловдив : Д. Благоев |
||
| 300 |
_a263 с. _bс табл. _c22 см |
||
| 380 | _a79 | ||
| 500 | _aОриг. загл. Социальные функции физической культуры и спорта. - 4 100 тир. - Библиогр. с. 236-260 | ||
| 650 | 4 |
_aФизическа култура и спорт - социология - учебници за ВУЗ _9257981 |
|
| 653 | _aфизическо възпитание | ||
| 653 | _aспорт | ||
| 653 | _aсоциология | ||
| 852 | _aЦб 88207 | ||
| 856 | 4 |
_qpdf _u |
|
| 856 | 4 |
_qpdf _u |
|
| 942 |
_cKNG _n0 |
||
| 944 |
_aCR _c15.11.2016 _kСевдалина_Василева |
||
| 944 |
_aED _c15.11.2016 _kСевдалина_Василева |
||
| 999 |
_c187147 _d187147 |
||